|
|
|
|
| LEADER |
00000nab a2200000 a 4500 |
| 001 |
vtls008627881 |
| 003 |
SK-MaSNL |
| 005 |
20260327135051.0 |
| 008 |
250505c2005 xo qr|p|||||||000 b|slo |
| 015 |
|
|
|a SNBRB2006/03
|2 snkbucl
|
| 035 |
|
|
|a (uuid)55ae54b7-393e-41a6-985f-532e08fe6982
|
| 035 |
|
|
|a urn:nbn:sk:snk-abaeje
|
| 035 |
|
|
|a (urnnbn)urn:nbn:sk:snk:ar-a0adn9
|
| 038 |
|
|
|a SNKBUCL
|
| 040 |
|
|
|a SNKBUCL
|b slo
|c SNKBUCL
|e AACR2
|
| 041 |
0 |
|
|a slo
|b eng
|
| 044 |
|
|
|a xo
|c SK
|
| 080 |
|
|
|a 657.4:658.15:340.137(4)
|2 1997
|
| 080 |
|
|
|a 658.15(4)
|2 1997
|
| 080 |
|
|
|a 340.137(4)
|2 1997
|
| 080 |
|
|
|a 339.923(4)
|2 1997
|
| 100 |
1 |
|
|a Šnircová, Jana,
|d 1971-
|4 aut
|9 1635765
|
| 245 |
1 |
0 |
|a Vplyv harmonizácie systémov účtovníctva a výkazníctva na finančnú analýzu
|c Jana Šnircová
|
| 300 |
|
|
|b Sch., tab.
|
| 504 |
|
|
|a Bibliogr. odkazy
|
| 546 |
|
|
|a Res. angl.
|
| 610 |
2 |
7 |
|a Európska únia
|2 snkbucl
|9 29861
|
| 650 |
0 |
7 |
|a účtovníctvo
|2 snkbucl
|9 649
|
| 650 |
0 |
7 |
|a výkazníctvo
|2 snkbucl
|9 827560
|
| 650 |
0 |
7 |
|a harmonizácia práva
|2 snkbucl
|9 89744
|
| 650 |
0 |
7 |
|a finančná analýza
|2 snkbucl
|9 3482
|
| 773 |
0 |
|
|t Ekonomika a manažment = Economics and Management
|g Roč. II, č. 2 (2005), s. 42-52
|x 1336-3301
|
| 850 |
|
|
|a Slovenská národná knižnica
|
| 852 |
|
|
|a Slovenská národná knižnica
|
| 954 |
|
|
|a odborná, vedecká literatúra pôvodná (slovenská)
|2 lita
|
| 958 |
|
|
|a article14
|
| 958 |
|
|
|a OND
|
| 958 |
|
|
|a NB
|
| 958 |
|
|
|a EUIPO
|
| 999 |
|
|
|c 2909445
|d 2911375
|